[Event "Gatineau Outaouais op U1500"]
[Site "Gatineau"]
[Date "2014.06.08"]
[Round "4"]
[White "Poirier, Damien"]
[Black "Soskic, Milan"]
[Result "0-1"]
[WhiteElo "1030"]
[BlackElo "1353"]
[PlyCount "108"]
[EventDate "2014.06.06"]
[EventType "swiss"]
[EventRounds "5"]
[EventCountry "CAN"]
[SourceTitle "EXT 2022"]
[Source "ChessBase"]
[SourceDate "2021.10.06"]
[SourceVersion "1"]
[SourceVersionDate "2021.10.06"]
[SourceQuality "1"]

1. e4 c5 2. Nc3 d6 3. Bc4 e6 4. d3 a6 5. Be3 Nc6 6. Qf3 Nf6 7. Nge2 Be7 8. 0-0 b5 9. Bb3 Bb7 10. a4 b4 11. e5 Nd7 12. Ne4 Qc7 13. Bg5 Ncxe5 14. Qf4 Ng6 15. Qf3 Bxe4 16. Qxe4 d5 17. Qg4 h5 18. Qg3 Qxg3 19. fxg3 Bxg5 20. Kh1 a5 21. Rae1 0-0 22. Ng1 Rab8 23. Nf3 Bf6 24. h3 Bxb2 25. Rb1 Bc3 26. Rbd1 Nb6 27. d4 c4 28. Ba2 Nxa4 29. Rf2 Nb6 30. Rdf1 f6 31. Bb1 a4 32. Re2 Rfe8 33. Kh2 Nd7 34. Ref2 e5 35. Re2 e4 36. Nh4 Nxh4 37. gxh4 Bxd4 38. Rf5 Be5+ 39. Rxe5 Rxe5 40. c3 b3 41. Rf2 a3 42. Re2 Nc5 43. Rf2 Na4 44. Re2 Nxc3 45. Rf2 Nxb1 46. Re2 a2 47. Re1 a1Q 48. Rf1 e3 49. Re1 e2 50. Rg1 Re3 51. Re1 Qe5+ 52. Kg1 Qg3 53. Rxb1 e1Q+ 54. Rxe1 Rxe1# 0-1

[Event "Gatineau Outaouais op U1500"]
[Site "Gatineau"]
[Date "2014.06.07"]
[Round "3"]
[White "Poirier, Damien"]
[Black "Yu, Benjamin"]
[Result "0-1"]
[WhiteElo "1030"]
[BlackElo "1398"]
[PlyCount "40"]
[EventDate "2014.06.06"]
[EventType "swiss"]
[EventRounds "5"]
[EventCountry "CAN"]
[SourceTitle "EXT 2022"]
[Source "ChessBase"]
[SourceDate "2021.10.06"]
[SourceVersion "1"]
[SourceVersionDate "2021.10.06"]
[SourceQuality "1"]

1. d4 Nf6 2. Nf3 e6 3. Nc3 Bb4 4. Bd2 0-0 5. a3 Bxc3 6. Bxc3 d5 7. Bb4 Re8 8. Qd3 a5 9. Bc3 Ne4 10. 0-0-0 Nxf2 11. Ng5 Nxd3+ 12. Rxd3 Qxg5+ 13. Bd2 Qf6 14. g3 e5 15. h4 e4 16. Re3 Qxd4 17. Rb3 e3 18. Bc3 Qe4 19. Rg1 Bf5 20. Bg2 Qxc2# 0-1

[Event "Outaouais-ch reserve"]
[Site "Gatineau"]
[Date "2014.05.13"]
[Round "5"]
[White "Poirier, Damien"]
[Black "Legare, Gilles"]
[Result "1-0"]
[WhiteElo "982"]
[BlackElo "1119"]
[PlyCount "57"]
[EventDate "2014.04.14"]
[EventType "swiss"]
[EventRounds "6"]
[EventCountry "CAN"]
[SourceTitle "EXT 2022"]
[Source "ChessBase"]
[SourceDate "2021.10.06"]
[SourceVersion "1"]
[SourceVersionDate "2021.10.06"]
[SourceQuality "1"]

1. d4 e6 2. e4 c5 3. Nf3 cxd4 4. Nxd4 e5 5. Nf3 Nc6 6. Bb5 Nf6 7. Nc3 Bc5 8. Be3 Bxe3 9. fxe3 a6 10. Bxc6 0-0 11. Ba4 b5 12. Bb3 b4 13. Nd5 Nxe4 14. 0-0 d6 15. Nxb4 a5 16. Bd5 Bf5 17. Bxa8 axb4 18. Bd5 Qb6 19. Qd3 Nf6 20. Qxf5 Nxd5 21. Rae1 Nf6 22. Kh1 Qd8 23. Nh4 Nd5 24. Qg4 Nf6 25. Qg5 Kh8 26. Nf5 g6 27. Rf3 e4 28. Rg3 gxf5 29. Qg7# 1-0

[Event "Gatineau CC-ch semi rapid"]
[Site "Gatineau"]
[Date "2014.03.25"]
[Round "4"]
[White "Traversy, Pierre"]
[Black "Poirier, Damien"]
[Result "1-0"]
[WhiteElo "1284"]
[BlackElo "991"]
[PlyCount "61"]
[EventDate "2014.03.25"]
[EventType "swiss (rapid)"]
[EventRounds "6"]
[EventCountry "CAN"]
[SourceTitle "EXT 2022"]
[Source "ChessBase"]
[SourceDate "2021.10.06"]
[SourceVersion "1"]
[SourceVersionDate "2021.10.06"]
[SourceQuality "1"]

1. e4 e5 2. Nc3 Nf6 3. Nf3 d6 4. d4 Nc6 5. Bb5 Bd7 6. dxe5 Ng4 7. exd6 cxd6 8. Bf4 Qb6 9. 0-0 Qc5 10. a4 Be7 11. Nd5 Bd8 12. h3 Nf6 13. Be3 Qxe3 14. fxe3 Nxe4 15. Qe1 0-0 16. c3 Re8 17. Bd3 Nc5 18. Bc2 g6 19. Nd4 Nxd4 20. cxd4 Bc6 21. dxc5 dxc5 22. Nf6+ Bxf6 23. Rxf6 Bxg2 24. Kxg2 Re5 25. Qf2 Rae8 26. e4 Rg5+ 27. Kf1 c4 28. h4 Rg4 29. Rxf7 Rf8 30. Rxf8+ Kg7 31. Qf7+ 1-0

[Event "Gatineau op U1500"]
[Site "Gatineau"]
[Date "2014.03.02"]
[Round "4"]
[White "Poirier, Damien"]
[Black "Legare, Gilles"]
[Result "0-1"]
[WhiteElo "1077"]
[BlackElo "1115"]
[PlyCount "116"]
[EventDate "2014.02.28"]
[EventType "swiss"]
[EventRounds "5"]
[EventCountry "CAN"]
[SourceTitle "EXT 2022"]
[Source "ChessBase"]
[SourceDate "2021.10.06"]
[SourceVersion "1"]
[SourceVersionDate "2021.10.06"]
[SourceQuality "1"]

1. d4 Nf6 2. Nf3 d5 3. e4 dxe4 4. Ng5 h6 5. Nh3 e6 6. Nc3 c5 7. Be3 b6 8. Bb5+ Bd7 9. Bc4 Be7 10. d5 Nxd5 11. Nxd5 b5 12. Bb3 c4 13. Bxc4 bxc4 14. Nc3 Bb4 15. 0-0 0-0 16. f3 Bxc3 17. fxe4 Bf6 18. Nf4 Bxb2 19. Rb1 Bf6 20. Nh5 Bg5 21. Qd4 Bxe3+ 22. Qxe3 Qg5 23. Qxg5 hxg5 24. Rf3 e5 25. Rbf1 Bg4 26. Rg3 Bxh5 27. Rxg5 Bg6 28. Rxe5 Nc6 29. Rc5 Bxe4 30. Rxc4 Bd5 31. Rc5 Rad8 32. c4 Be4 33. a4 Rd2 34. Rf4 Rxg2+ 35. Kf1 Rxh2 36. Rxe4 Rd8 37. Ke1 Nd4 38. Rd5 Nc2+ 39. Kd1 Rb8 40. Kc1 Nb4 41. Rb5 Na2+ 42. Kd1 Nc3+ 43. Kc1 Nxb5 44. axb5 f5 45. Rf4 g5 46. Rd4 Re8 47. Kd1 Kg7 48. c5 Re3 49. Rd2 Rh1+ 50. Kc2 Ree1 51. Kd3 Rh3+ 52. Kd4 Rh4+ 53. Kd5 Rh8 54. Kd6 Rd8+ 55. Kc7 Rxd2 56. Kb7 Ra2 57. b6 axb6 58. c6 Rc2 0-1

[Event "Gatineau Commanditaires U1600"]
[Site "Gatineau"]
[Date "2014.02.25"]
[Round "1"]
[White "Carabineanu, Marcel"]
[Black "Poirier, Damien"]
[Result "1-0"]
[WhiteElo "1214"]
[BlackElo "1077"]
[PlyCount "99"]
[EventDate "2014.02.25"]
[EventType "swiss"]
[EventRounds "4"]
[EventCountry "CAN"]
[SourceTitle "EXT 2022"]
[Source "ChessBase"]
[SourceDate "2021.10.06"]
[SourceVersion "1"]
[SourceVersionDate "2021.10.06"]
[SourceQuality "1"]

1. e4 e5 2. Nc3 Nc6 3. Bc4 Nf6 4. Nf3 d6 5. Ng5 Qe7 6. d3 Bd7 7. 0-0 0-0-0 8. Nxf7 d5 9. Bxd5 Nxd5 10. Nxd8 Nxd8 11. Nxd5 Qe6 12. Be3 Nc6 13. Qd2 Qg6 14. f3 Bh3 15. Rf2 h5 16. Kf1 Bd7 17. b4 a6 18. a4 h4 19. Qc3 h3 20. g3 Bd6 21. b5 Nd4 22. bxa6 Kd8 23. axb7 c6 24. Qa5+ Ke8 25. Qa8+ Kf7 26. Qxh8 cxd5 27. b8Q Bxb8 28. Qxb8 Nxc2 29. Rxc2 Qf6 30. Rf2 d4 31. Bd2 Qc6 32. Qxe5 Qf6 33. Qxf6+ gxf6 34. a5 Bb5 35. Ke2 Ke6 36. a6 f5 37. a7 Bc6 38. a8Q Bxa8 39. Rxa8 fxe4 40. dxe4 Kd6 41. Ra5 Kc6 42. Rf1 Kd6 43. Rb1 Kc6 44. Rb8 Kc7 45. Rh8 Kb6 46. Rg5 d3+ 47. Kxd3 Kc6 48. Rh6+ Kd7 49. Rg7+ Ke8 50. Rh8# 1-0